[Event "Ruhrgebiet Bezirksliga 15/16"]
[Site "Ruhrgebiet"]
[Date "2016.02.28"]
[Round "8.8"]
[White "Hellwig, Hugo"]
[Black "Jaeger, Manfred"]
[Result "1/2-1/2"]
[WhiteElo "1542"]
[BlackElo "1501"]
[PlyCount "70"]
[EventDate "2015.08.30"]
[EventType "team-tourn"]
[EventRounds "9"]
[EventCountry "GER"]
[SourceTitle "EXT 2022"]
[Source "ChessBase"]
[SourceDate "2021.10.06"]
[SourceVersion "1"]
[SourceVersionDate "2021.10.06"]
[SourceQuality "1"]
[WhiteTeam "Hamm Koenigsspringer II"]
[BlackTeam "Kamen SV III"]
[WhiteTeamCountry "GER"]
[BlackTeamCountry "GER"]

1. e4 c6 2. d4 d5 3. Nc3 dxe4 4. Nxe4 Bf5 5. Ng3 Bg6 6. Nf3 e6 7. Ne5 Ne7 8. c3 Nd7 9. Nxg6 Nxg6 10. Be3 Nf6 11. Bd3 Ne7 12. 0-0 Ned5 13. Bg5 Be7 14. Re1 h6 15. Bd2 0-0 16. b4 Qc7 17. Qf3 a5 18. a3 axb4 19. axb4 b6 20. Ne4 Nxe4 21. Qxe4 Nf6 22. Qf3 Qd6 23. h3 Qd5 24. Qg3 Bd6 25. Qh4 Qh5 26. Qxh5 Nxh5 27. g3 Nf6 28. Bc2 Nd5 29. Be4 Rfb8 30. Rxa8 Rxa8 31. Bxd5 cxd5 32. Kf1 Ra2 33. Re2 h5 34. f4 g6 35. Kf2 Kg7 1/2-1/2

[Event "Ruhrgebiet Bezirksliga 15/16"]
[Site "Ruhrgebiet"]
[Date "2016.01.10"]
[Round "6.6"]
[White "Langaditis, Sevastianos"]
[Black "Hellwig, Hugo"]
[Result "1-0"]
[WhiteElo "1771"]
[BlackElo "1542"]
[PlyCount "61"]
[EventDate "2015.08.30"]
[EventType "team-tourn"]
[EventRounds "9"]
[EventCountry "GER"]
[SourceTitle "EXT 2022"]
[Source "ChessBase"]
[SourceDate "2021.10.06"]
[SourceVersion "1"]
[SourceVersionDate "2021.10.06"]
[SourceQuality "1"]
[WhiteTeam "Unna SV"]
[BlackTeam "Hamm Koenigsspringer II"]
[WhiteTeamCountry "GER"]
[BlackTeamCountry "GER"]

1. d4 Nf6 2. Nf3 e6 3. g3 b6 4. Bg2 Bb7 5. Bg5 h6 6. Bxf6 Qxf6 7. Nbd2 c5 8. c3 cxd4 9. cxd4 Bb4 10. 0-0 Bxd2 11. Qxd2 0-0 12. Rac1 Nc6 13. Ne5 Qe7 14. Nxc6 dxc6 15. Bxc6 Rad8 16. a3 Ba6 17. Rc2 Qd6 18. Rd1 f5 19. e3 h5 20. h4 Qe7 21. f4 Kh7 22. Rdc1 Qd6 23. Bf3 Kh6 24. Rc6 Qe7 25. Rc7 Rd7 26. Rxd7 Qxd7 27. Qd1 Rf7 28. Bxh5 g6 29. Bf3 Rf8 30. Kf2 Re8 31. Bc6 1-0